00764nam a2200217 a 450000100100000000500170001000800410002702000150006804000250008308200190010810000280012724501740015526000470032930000270037649000230040365000200042665000240044670000250047070000280049583000230052300001890320200929165859.0100520s2001 it a r 000 f spa d a8888405003 aDO-SdBNPbspacBNPHU a853.914bP692c1 aPitzorno, Biancad1942-10aCuentos de la isla de las Nuragas :bo historia de Elisa y de Prisca cuando eran pequeñas /cBianca Pitzorno ; edición Danilo Manera ; traducción Julia Calzadilla. aCesena, Italia :bARCI Solidarieta,c2001. a80 p. :bil. ;c17 cm.1 aUn Mar de Sueños 4aNovela italiana 4aLiteratura italiana1 aManera, Danilo,eed.1 aCalzadilla, Julia,etr. 0aUn Mar de Sueños